[Event "Titled Tuesday intern op 22nd Aug Early"]
[Site "Chess.com INT"]
[Date "2023.08.22"]
[Round "9"]
[White "Tomaszewski, Kacper"]
[Black "Ai, Evan Zihao"]
[Result "0-1"]
[WhiteElo "2321"]
[BlackElo "2199"]
[PlyCount "136"]
[EventDate "2023.08.22"]
[EventType "swiss (blitz)"]
[EventRounds "11"]
[EventCountry "USA"]
[SourceTitle "EXT 2024"]
[Source "ChessBase"]
[SourceDate "2023.10.10"]
[SourceVersion "1"]
[SourceVersionDate "2023.10.10"]
[SourceQuality "1"]

1. g3 e5 2. Bg2 d5 3. d3 Nf6 4. a3 c6 5. c4 Be6 6. cxd5 cxd5 7. Nf3 Nc6 8. 0-0 a5 9. Nc3 h6 10. d4 e4 11. Ne5 Bd6 12. Nxc6 bxc6 13. Na4 0-0 14. f3 exf3 15. exf3 Nd7 16. Be3 Nb6 17. Nc5 Nc4 18. Bf2 Bxc5 19. dxc5 Nxb2 20. Qe2 Nc4 21. Bd4 Bf5 22. g4 Re8 23. Qd1 Bg6 24. Re1 Rxe1+ 25. Qxe1 Qg5 26. Qc3 h5 27. h3 hxg4 28. hxg4 f6 29. Rd1 Re8 30. Bf1 Qf4 31. Bxc4 Qg3+ 32. Kf1 dxc4 33. Qxc4+ Kh7 34. Qc3 Qh2 35. Bf2 Qh1+ 36. Bg1 Qh3+ 37. Kf2 Qh4+ 38. Kf1 Qg3 39. Bf2 Qh2 40. Re1 Qh1+ 41. Bg1 Rxe1+ 42. Qxe1 Qxf3+ 43. Bf2 Qh3+ 44. Kg1 Qxg4+ 45. Bg3 Qd4+ 46. Bf2 Qg4+ 47. Bg3 Be4 48. Qe3 Qd1+ 49. Be1 Qg4+ 50. Bg3 Bf3 51. Qf4 Qxf4 52. Bxf4 g5 53. Bc7 a4 54. Kf2 Bd5 55. Kg3 Kg6 56. Bd8 f5 57. Bc7 f4+ 58. Kg4 Be6+ 59. Kf3 Kf5 60. Bb8 Bd5+ 61. Kf2 g4 62. Kg1 Ke4 63. Bd6 g3 64. Bb8 Kf3 65. Bc7 Kg4 66. Bd6 f3 67. Kf1 Bc4+ 68. Ke1 f2+ 0-1